LEADER 01255nam a2200277 u 4500 001 000000035345 003 CaOOAMICUS 005 20070226112557.0 008 980223s1960 it u000 u lat u 035 $a10783987 040 $aPUL(R)$bita 100 1 $aPeeters, Hermes,$cO.F.M.$0(OLS)http://pul/name/27063 245 10$aFacultates quas ordinarii et missionarii habere solent cum brevi commentario /$cP. Dr. Hermes Peeters, O.F.M. 250 $aEd. 3a adaptata. 260 $aRomae :$bPontificium Athenaeum Antonianum,$c1960. 300 $a171 p. ;$c23 cm 490 1 $aBibliotheca Pontificii Athenaei Antoniani ;$v10 504 $aBibliografia in nota a pie' di pagina. 650 4$aDiritto canonico.$0(OLS)http://pul/subject/1294 830 0$aBibliotheca Pontificii Athenaei Antoniani ;$v10.$0(OLS)http://pul/title/3419 850 $aPUL 852 $aPUL$W1$xSL Diritto Canonico 1$y5$m150 C 96$j48414$nBK-PRI$b $qStampati$B48414$CPULBib$Z2$F48414 $H $81 941 1 $a8 961 $aINV: 56764 996 $6245$aFacultates quas ordinarii et missionarii habere solent cum brevi commentario$9(OLS)http://pul/title/48612 996 $6260$aRomae :$bPontificium Athenaeum Antonianum$9(OLS)http://pul/publisher/48465 LEADER 01226nam a2200301 u 4500 001 000000043896 003 CaOOAMICUS 005 20070226114505.0 008 990415s1999 it u000 u ita u 020 $a8825006578 035 $a10820154 040 $aPUL(R)$bita 100 1 $aRazzotti, Bernardo.$0(OLS)http://pul/name/32095 245 10$aTeilhard De Chardin :$bdalla materia al verbo /$cBernardo Razzotti. 260 $aPadova :$bEd. Messaggero,$c1999. 300 $a175 p. ;$c21 cm 490 1 $aTracce del sacro nella cultura contemporanea ;$v10 500 $aContiene indici. 504 $aBibliografia in nota. 600 14$aDe Chardin, Pierre Teilhard.$0(OLS)http://pul/subject/19247 830 0$aTracce del sacro nella cultura contemporanea ;$v10.$0(OLS)http://pul/title/59211 850 $aPUL 852 $aPUL$W1$xSL Filosofia 1$y2$m90 H 56$j59149$nBK-PRI$b $qStampati$B59149$CPULBib$Z2$F59149 $H $81 941 1 $a8 961 $aINV: 79866 996 $6020$a8825006578$9(OLS)http://pul/number/54722 996 $6245$aTeilhard De Chardin :$bdalla materia al verbo$9(OLS)http://pul/title/59210 996 $6260$aPadova :$bEd. Messaggero$9(OLS)http://pul/publisher/61039